000 00419nam a22001697a 4500
999 _c11432
_d11432
003 OSt
008 220709b ||||| |||| 00| 0 eng d
020 _a9780853695752
082 _a615.4 MAP
100 _a MARRIOTT, John F etc
245 _aPharmaceutical Compounding and Dispensing
250 _a1st
260 _aLondon
_bPHP Press
_c2009
300 _a277
650 _aPharmacy General Books
942 _2ddc
_cBK